Marketingová komunikácia

Bibliographic Details
Main Author: Labská, Helena, 1945-2020 (Author)
Other Authors: Keszeg, Marián (nob)
Format: Book
Language:Slovak
PhysicalDescription:92 s. Sch., tab., lit. 26 zázn. v češ. a nem. 20 cm
Published: Nové Zámky Jazykové Učebné Pomôcky 1993
ISBN:8071520071

MARC

LEADER 00000nam a2200000 a 4500
001 vtls001074827
003 SK-MaSNL
005 20260302063918.0
008 250414s1993 xo 0 slo
015 |a SNBA1994/04 
020 |a 8071520071 
035 |a SNK000017659 
040 |a SNK  |b slo  |c SNK  |e AACR2 
041 0 |a slo 
044 |a xo  |c SK 
080 |a 658.8:659  |2 1981 
080 |a 659  |2 1981 
100 1 |a Labská, Helena,  |d 1945-2020  |4 aut  |9 110904 
245 1 0 |a Marketingová komunikácia  |c Helena Labská ; Návrh obál. Marián Keszeg 
260 |a Nové Zámky  |b Jazykové Učebné Pomôcky  |c 1993  |e Nové Zámky  |f AZ Print 
300 |a 92 s.  |b Sch., tab., lit. 26 zázn. v češ. a nem.  |c 20 cm 
700 1 |a Keszeg, Marián  |4 nob  |9 725650 
852 |a Slovenská národná knižnica 
919 |a 80-7152-007-1 
954 |a marketing  |a komunikácia marketingová 
958 |a APR 
958 |a TL 
958 |a NB 
999 |c 1134739  |d 1136669 
952 |t P60, <04>, [BOOK], {604}  |a SNK  |b SNK  |y VYP  |7 0  |p 17A0018928  |o snkSD 66180 D1  |0 0  |1 0  |4 0  |d 1996-11-19  |l 0  |r 2004-12-31 00:00:00  |w 2026-02-24 
952 |a SNK  |b SNK  |y PREZ  |7 0  |p 17A1052168  |o snkSD 66180   |0 0  |1 0  |4 0  |d 2013-07-18  |l 0  |r 2026-02-24 19:15:27  |w 2026-02-24